000 00319nam a22001337a 4500
008 170714b xxu||||| |||| 00| 0 eng d
020 _a9780140512274
041 _aeng
080 _a038
100 _a26
101 _aFJA
245 _aDICTIONARY OF LITERARY TERMS AND LITERARY THEORY
_cCUDDON, J.A
942 _2udc
_cBK
999 _c20959
_d20959